<?xml version="1.0" encoding="UTF-8"?><marc:collection xmlns:marc="http://www.loc.gov/MARC21/slim">
  <marc:record>
    <marc:leader>00000cas  2200000za 4500</marc:leader>
    <marc:controlfield tag="001">9.504198</marc:controlfield>
    <marc:controlfield tag="003">CaOODSP</marc:controlfield>
    <marc:controlfield tag="005">20260310114742</marc:controlfield>
    <marc:controlfield tag="007">cr |||||||||||</marc:controlfield>
    <marc:controlfield tag="008">150406c20139999qucar pso||||f|   |0fre|d</marc:controlfield>
    <marc:datafield tag="022" ind1=" " ind2=" ">
      <marc:subfield code="a">2292-776X</marc:subfield>
    </marc:datafield>
    <marc:datafield tag="040" ind1=" " ind2=" ">
      <marc:subfield code="a">CaOODSP</marc:subfield>
      <marc:subfield code="b">fre</marc:subfield>
    </marc:datafield>
    <marc:datafield tag="043" ind1=" " ind2=" ">
      <marc:subfield code="a">n-cn-nu</marc:subfield>
    </marc:datafield>
    <marc:datafield tag="086" ind1="1" ind2=" ">
      <marc:subfield code="a">R71-39F-PDF</marc:subfield>
    </marc:datafield>
    <marc:datafield tag="222" ind1=" " ind2="0">
      <marc:subfield code="a">Nunavut, exploration minérale, exploitation minière et science de la terre</marc:subfield>
    </marc:datafield>
    <marc:datafield tag="245" ind1="0" ind2="0">
      <marc:subfield code="a">Nunavut, exploration minérale, exploitation minière et sciences de la terre </marc:subfield>
      <marc:subfield code="h">[ressource électronique] : </marc:subfield>
      <marc:subfield code="b">aperçu.</marc:subfield>
    </marc:datafield>
    <marc:datafield tag="246" ind1="3" ind2=" ">
      <marc:subfield code="a">Nunavut activités d'exploration minérale, d'exploitation minière et de géoscience - aperçu</marc:subfield>
    </marc:datafield>
    <marc:datafield tag="260" ind1=" " ind2=" ">
      <marc:subfield code="a">[Gatineau, QC] : </marc:subfield>
      <marc:subfield code="b">Affaires autochtones et Développement du Nord Canada.</marc:subfield>
    </marc:datafield>
    <marc:datafield tag="310" ind1=" " ind2=" ">
      <marc:subfield code="a">Annuel</marc:subfield>
    </marc:datafield>
    <marc:datafield tag="362" ind1="1" ind2=" ">
      <marc:subfield code="a">Paraît depuis 2013?</marc:subfield>
    </marc:datafield>
    <marc:datafield tag="500" ind1=" " ind2=" ">
      <marc:subfield code="a">Publ. aussi en anglais sous le titre : Nunavut, mineral exploration, mining and geoscience - overview.</marc:subfield>
    </marc:datafield>
    <marc:datafield tag="500" ind1=" " ind2=" ">
      <marc:subfield code="a">«Cet aperçu de l’exploration est le fruit de la collaboration entre quatre partenaires : Affaires autochtones et Développement du Nord Canada (AADNC); le gouvernement du Nunavut (GN); Nunavut Tunngavik Incorporated (NTI) et le Bureau géoscientifique Canada-Nunavut (BGCN)» - 2013.</marc:subfield>
    </marc:datafield>
    <marc:datafield tag="520" ind1=" " ind2=" ">
      <marc:subfield code="a">Le document intitulé Nunavut –​ perçu de l’exploration minérale, de l’exploitation minière et des sciences de la Terre est une mine de renseignements sur tous les projets d’exploration et d’exploitation minières au Nunavut. Il décrit également les organismes du gouvernement et de revendication territoriale qui participent à la réglementation du secteur des minéraux.</marc:subfield>
      <marc:subfield code="u">http://www.gov.nu.ca/fr/edt/documents/nunavut-apercu-de-lexploration-minerale-de-lexploitation-miniere-et-des-sciences-de-la</marc:subfield>
    </marc:datafield>
    <marc:datafield tag="550" ind1=" " ind2=" ">
      <marc:subfield code="a">Publ. par Affaires autochtones et développement du Nord Canada (2013-2014); par Affaires autochtones et du Nord Canada (2015-2017); par Relations Couronne-Autochtones et affaires du Nord (2018- ).</marc:subfield>
    </marc:datafield>
    <marc:datafield tag="710" ind1="1" ind2=" ">
      <marc:subfield code="a">Canada. </marc:subfield>
      <marc:subfield code="b">Affaires autochtones et développement du Nord Canada.</marc:subfield>
    </marc:datafield>
    <marc:datafield tag="710" ind1="1" ind2=" ">
      <marc:subfield code="a">Canada. </marc:subfield>
      <marc:subfield code="b">Affaires autochtones et du Nord Canada.</marc:subfield>
    </marc:datafield>
    <marc:datafield tag="710" ind1="1" ind2=" ">
      <marc:subfield code="a">Canada. </marc:subfield>
      <marc:subfield code="b">Relations Couronne-Autochtones et affaires du Nord Canada.</marc:subfield>
    </marc:datafield>
    <marc:datafield tag="710" ind1="2" ind2=" ">
      <marc:subfield code="a">Société Nunavut Tunngavik.</marc:subfield>
    </marc:datafield>
    <marc:datafield tag="710" ind1="2" ind2=" ">
      <marc:subfield code="a">Bureau géoscientifique Canada-Nunavut.</marc:subfield>
    </marc:datafield>
    <marc:datafield tag="775" ind1="0" ind2="8">
      <marc:subfield code="t">Nunavut, mineral exploration, mining and geoscience </marc:subfield>
      <marc:subfield code="w">(CaOODSP)9.507818</marc:subfield>
    </marc:datafield>
    <marc:datafield tag="776" ind1="0" ind2="#">
      <marc:subfield code="t">Nunavut, exploration minérale, exploitation miniére et sciences de la terre : </marc:subfield>
      <marc:subfield code="w">(CaOODSP)9.507989</marc:subfield>
    </marc:datafield>
  </marc:record>
</marc:collection>
